000 00486nam a22001937a 4500
003 MPLRDC
005 20220104190345.0
008 210129b ||||| |||| 00| 0 eng d
020 _a978-986-216-691-8
082 _a529.25 ZYM
100 _a张育美
245 _aCEO游学记
_c
250 _a一版八刷
260 _a台湾
_b天下远见出版股份有限公司
_c2011
300 _b
490 _aNEW系列: NEW034
650 _a留学教育
942 _cBK
_o529.25 ZYM
999 _c63752
_d63742